Statistiques concernant Géographie générale d'Europe

Cliquez ici pour prendre le quiz!

Statistiques générales

  • Ce quiz a été pris 570 fois
  • Le résultat moyen est 12 sur 20

Statistiques - réponses

QuestionRéponse% Correct
Quelle est la capitale la plus à l'ouest située sur le continent en lui-même ?Lisbonne
87%
Au bord de quelle mer se trouvent Edimbourg, La Haye et Dunkerque ?La mer du Nord
82%
Dans quelle région espagnole se trouve Barcelone ?La Catalogne
80%
Quel fleuve traverse 4 capitales européennes différentes ?Le Danube
78%
Comment s'appelait Saint-Pétersbourg entre 1924 et 1991 ?Léningrad
76%
De quel pays les Legos sont-ils originaires ?Le Danemark
71%
Quelle est la capitale de l'Albanie ?Tirana
69%
Quelle mer s'étend entre l'Italie et la Croatie ?La mer Adriatique
66%
Quelle ville française est parfois surnommée "la Cité des Papes" ?Avignon
64%
Quelle est la plus grande des îles grecques ?La Crète
64%
Quel quartier de Monaco est célèbre pour son casino ?Monte-Carlo
62%
Quelle ville peut-on trouver face à Calais, de l'autre côté de la Manche ?Douvres
50%
A part l'Irlande, avec quel autre pays le Royaume-Uni est-il frontalier ?L'Espagne
(avec Gibraltar)
50%
Quel massif s'étend sur la frontière franco-belge ?Les Ardennes
46%
Quel langue peut être retranscrite de deux différentes manières (le bokmål et le nynorsk) ?Le Norvégien
44%
Quelle est la plus grande ville française frontalière avec l'Italie ?Menton
44%
Que sont Balmoral et le Haut-Koenigsbourg ?Des châteaux
38%
De quelle république russe dévastée par la guerre Groznyï est-elle la capitale ?La Tchétchénie
36%
Quelle ville autrichienne a accueilli deux fois les Jeux Olympiques d'hiver ?Innsbruck
31%
Quel lac au tripoint entre l'Allemagne, l'Autriche et la Suisse porte le nom d'une ville allemande ?Le Lac de Constance
24%

Distribution des résultats

Percentile par nombre de réponses

% des personnes avec chaque résultat

Votre développement - résultats

Vous n’avez pas pris ce quiz